Biotechnology / (Record no. 233277)

000 -LEADER
fixed length control field 02664cam a22004817i 4500
001 - CONTROL NUMBER
control field 18478493
003 - CONTROL NUMBER IDENTIFIER
control field Nust
005 - DATE AND TIME OF LATEST TRANSACTION
control field 20170306122151.0
008 - FIXED-LENGTH DATA ELEMENTS--GENERAL INFORMATION
fixed length control field 150203t20162016ne a b 001 0 eng d
010 ## - LIBRARY OF CONGRESS CONTROL NUMBER
LC control number 2015932542
020 ## - INTERNATIONAL STANDARD BOOK NUMBER
International Standard Book Number 9780123850157
020 ## - INTERNATIONAL STANDARD BOOK NUMBER
International Standard Book Number 0123850150
035 ## - SYSTEM CONTROL NUMBER
System control number (OCoLC)ocn900028202
040 ## - CATALOGING SOURCE
Transcribing agency ASAB
042 ## - AUTHENTICATION CODE
Authentication code lccopycat
050 00 - LIBRARY OF CONGRESS CALL NUMBER
Classification number TP248.2
Item number .C528 2016
082 04 - DEWEY DECIMAL CLASSIFICATION NUMBER
Classification number 660.6
Edition number 23/swe
100 1# - MAIN ENTRY--PERSONAL NAME
Personal name Clark, David P.,
Relator term author.
245 10 - TITLE STATEMENT
Title Biotechnology /
Statement of responsibility, etc. David P. Clark, Department of Microbiology, Southern Illinois University, Carbondale, Illinois, USA, Nanette J. Pazdernik, Washington University School of Medicine, St. Louis, Missouri.
250 ## - EDITION STATEMENT
Edition statement Second edition.
264 #1 - PRODUCTION, PUBLICATION, DISTRIBUTION, MANUFACTURE, AND COPYRIGHT NOTICE
Place of production, publication, distribution, manufacture Amsterdam ;
-- Boston :
Name of producer, publisher, distributor, manufacturer Elsevier/AP Cell, Academic Cell is an imprint of Elsevier,
Date of production, publication, distribution, manufacture, or copyright notice [2016]
264 #4 - PRODUCTION, PUBLICATION, DISTRIBUTION, MANUFACTURE, AND COPYRIGHT NOTICE
Date of production, publication, distribution, manufacture, or copyright notice ©2016
300 ## - PHYSICAL DESCRIPTION
Extent xv, 833 pages :
Other physical details illustrations (color) ;
Dimensions 29 cm
336 ## - CONTENT TYPE
Content type term text
Content type code txt
Source rdacontent
337 ## - MEDIA TYPE
Media type term unmediated
Media type code n
Source rdamedia
338 ## - CARRIER TYPE
Carrier type term volume
Carrier type code nc
Source rdacarrier
500 ## - GENERAL NOTE
General note Includes end-of-chapter study questions.
504 ## - BIBLIOGRAPHY, ETC. NOTE
Bibliography, etc. note Includes bibliographical references and index.
505 0# - FORMATTED CONTENTS NOTE
Formatted contents note Basics of biotechnology -- DNA, RNA, and protein -- Recombinant DNA technology -- DNA synthesis in vivo and in vitro -- RNA-based technologies -- Immune technology -- Nanobiotechnology -- Genomics and gene expression -- Proteomics -- Recombinant proteins -- Protein engineering -- Environmental biotechnology -- Synthetic biology -- From cell phones to cyborgs -- Transgenic plants and plant biotechnology -- Transgenic animals -- Inherited defects and gene therapy -- Cloning and stem cells -- Cancer -- Aging and apoptosis -- Viral and prion infections -- Biological warfare : infectious disease and bioterrorism -- Forensic molecular biology -- Bioethics in biotechnology.
650 #0 - SUBJECT ADDED ENTRY--TOPICAL TERM
Topical term or geographic name entry element Biotechnology
Form subdivision Textbooks.
650 #0 - SUBJECT ADDED ENTRY--TOPICAL TERM
Topical term or geographic name entry element Genetic engineering
Form subdivision Textbooks.
650 #0 - SUBJECT ADDED ENTRY--TOPICAL TERM
Topical term or geographic name entry element Molecular biology
Form subdivision Textbooks.
650 #7 - SUBJECT ADDED ENTRY--TOPICAL TERM
Topical term or geographic name entry element Biotechnology.
Source of heading or term fast
Authority record control number or standard number (OCoLC)fst00832729
650 #7 - SUBJECT ADDED ENTRY--TOPICAL TERM
Topical term or geographic name entry element Genetic engineering.
Source of heading or term fast
Authority record control number or standard number (OCoLC)fst00940027
650 #7 - SUBJECT ADDED ENTRY--TOPICAL TERM
Topical term or geographic name entry element Molecular biology.
Source of heading or term fast
Authority record control number or standard number (OCoLC)fst01024734
650 #7 - SUBJECT ADDED ENTRY--TOPICAL TERM
Topical term or geographic name entry element Bioteknik.
Source of heading or term sao
650 #7 - SUBJECT ADDED ENTRY--TOPICAL TERM
Topical term or geographic name entry element Genteknik.
Source of heading or term sao
650 #7 - SUBJECT ADDED ENTRY--TOPICAL TERM
Topical term or geographic name entry element Molekylärbiologi.
Source of heading or term sao
655 #7 - INDEX TERM--GENRE/FORM
Genre/form data or focus term Textbooks.
Source of term fast
Authority record control number (OCoLC)fst01423863
700 1# - ADDED ENTRY--PERSONAL NAME
Personal name Pazdernik, Nanette Jean,
Relator term author.
906 ## - LOCAL DATA ELEMENT F, LDF (RLIN)
a 7
b cbc
c copycat
d 2
e ncip
f 20
g y-gencatlg
942 ## - ADDED ENTRY ELEMENTS (KOHA)
Source of classification or shelving scheme
Koha item type Book
Holdings
Withdrawn status Lost status Source of classification or shelving scheme Damaged status Not for loan Collection code Permanent Location Current Location Date acquired Total Checkouts Full call number Barcode Date last seen Price effective from Koha item type
            Atta-ur-Rahman School of Applied Biosciences (ASAB) Atta-ur-Rahman School of Applied Biosciences (ASAB) 03/06/2017   660.6 CLA ASAB740 03/06/2017 03/06/2017 Book
© 2023 Central Library, National University of Sciences and Technology. All Rights Reserved.